000 00618 a2200229 4500
005 20260406152008.0
008 260406b |||||||| |||| 00| 0 eng d
020 _a9789355322173
_cRs. 1115.00
040 _aMAIN
082 _a620.11
_bS68F(6)
100 _aSmith, William F
245 _aFoundations of materials science and engineering
250 _a6th
260 _bMcGraw Hill
_aChennai
_c2022
300 _axviii, 1084
650 _aEngineering
650 _aEngineering Materials
650 _aMaterials Science
700 _aHashemi, Javad
700 _aMoreno, Francisco Presuel
942 _cBK
999 _c397095
_d397095